Statistics for Countries Closest to Thailand

Click here to take the quiz!

General Stats

  • This quiz has been taken 1,384 times
  • The average score is 18 of 20

Answer Stats

kmcountrymiles% Correct
115China71
99%
0Laos0
98%
0Cambodia0
97%
486India302
97%
0Malaysia0
97%
104Vietnam65
97%
301Indonesia187
96%
0Myanmar0
96%
1258Nepal782
92%
579Bangladesh360
91%
993Bhutan617
90%
524Singapore325
90%
1440Philippines895
89%
1810Sri Lanka1125
87%
1734Taiwan1077
87%
2053Japan1276
86%
2766South Korea1719
85%
1341Brunei833
84%
2648Pakistan1645
82%
2396Mongolia1489
78%

Score Distribution

Percentile by Number Answered

Percent of People with Each Score

Your Score History

You have not taken this quiz